Southville International School and Colleges
Your cart is empty.
  • Cart
  • Lists
    Public lists Eva Luna New books Lux_list list_1
    Your lists Log in to create your own lists
  • Log in to your account
  • Your cookies
  • Search history
Southville International School and Colleges
  • Advanced search
  • Recent comments
  • Most popular
  • Libraries

Log in to your account

Log in with GOOGLE


If you do not have an external account, but do have a local account, you can still log in:

  1. Home
  2. MARC view: The role of social perception, beliefs and emotions on support for punitive action toward drug dealers and users /
Normal view MARC view ISBD view

The role of social perception, beliefs and emotions on support for punitive action toward drug dealers and users / (Record no. 361464)

[ view plain ]
MARC details
000 -LEADER
fixed length control field 00658nam a2200181Ia 4500
008 - FIXED-LENGTH DATA ELEMENTS--GENERAL INFORMATION
fixed length control field 190422s9999 xx 000 0 und d
100 ## - MAIN ENTRY--PERSONAL NAME
Personal name Laborr, Paul Danielle P
245 #4 - TITLE STATEMENT
Title The role of social perception, beliefs and emotions on support for punitive action toward drug dealers and users /
245 ## - TITLE STATEMENT
Statement of responsibility, etc Paul Danielle P. Laborr and Maria Cecilia C. Gastardo-Conaco.--
260 ## - PUBLICATION, DISTRIBUTION, ETC. (IMPRINT)
Name of publisher, distributor, etc Psychological Association of the Philippines
260 ## - PUBLICATION, DISTRIBUTION, ETC. (IMPRINT)
Date of publication, distribution, etc 2017
300 ## - PHYSICAL DESCRIPTION
Extent pages 67-96, December 2017
440 ## - SERIES STATEMENT/ADDED ENTRY--TITLE
Title Philippine Journal of Psychology
Volume number/sequential designation 50(2)
650 ## - SUBJECT ADDED ENTRY--TOPICAL TERM
Topical term or geographic name as entry element Emotions
650 ## - SUBJECT ADDED ENTRY--TOPICAL TERM
Topical term or geographic name as entry element Punitiveness
650 ## - SUBJECT ADDED ENTRY--TOPICAL TERM
Topical term or geographic name as entry element Redeemabily
650 ## - SUBJECT ADDED ENTRY--TOPICAL TERM
Topical term or geographic name as entry element Social Peceptions

No items available.

The role of social perception, beliefs and emotions on support for punitive action toward drug dealers and users /

APA

Laborr P. D. P., .The role of social perception, beliefs and emotions on support for punitive action toward drug dealers and users. : Psychological Association of the Philippines.

Chicago

Laborr Paul Danielle P, .The role of social perception, beliefs and emotions on support for punitive action toward drug dealers and users. : Psychological Association of the Philippines.

Harvard

Laborr P. D. P., .The role of social perception, beliefs and emotions on support for punitive action toward drug dealers and users. : Psychological Association of the Philippines.

MLA

Laborr Paul Danielle P, .: Psychological Association of the Philippines. .

  • Print
  • Cite
  • Add to your cart (remove)
  • Save record
    BIBTEX Dublin Core MARCXML MARC (non-Unicode/MARC-8) MARC (Unicode/UTF-8) MARC (Unicode/UTF-8, Standard) MODS (XML) RIS
  • More searches
    Search for this title in:
    Other Libraries (WorldCat) Other Databases (Google Scholar) Online Stores (Bookfinder.com) Open Library (openlibrary.org)

Exporting to Dublin Core...

SOUTHVILLE LIBRARY

Southville International School and Colleges Library

1281 Tropical Ave. Cor. Luxembourg St., BF Homes International, Las Pinas City

Tel. No. 8256374 / 252358 Loc. 117/146

Powered by Koha